| 000 | 01306nam a2200337 i 4500 | ||
|---|---|---|---|
| 001 | 194516 | ||
| 003 | SpMaBN | ||
| 005 | 20250310160521.0 | ||
| 008 | 230113s2007 sp | ||| ||spa | ||
| 016 | 7 |
_abimoBNE20070652755 _2SpMaBN |
|
| 017 |
_aM 23969-2007 _bOficina Depósito Legal Madrid |
||
| 020 | _a9788461155781 | ||
| 035 | _a(OCoLC)434339759 | ||
| 040 |
_aSpMaBN _bspa _cSpMaBN _erdc |
||
| 080 | _a316.624:316.343.2-055.2 | ||
| 100 | 1 |
_aQuijano Crespo, Mercedes, _d1959- _0XX4603856 _9139936 _eaut |
|
| 245 | 1 | 0 |
_aAbriendo definitivamente nuestros ojos y nuestras mentes a la realidad : _bSiglo XXI / _cMercedes Quijano Crespo. |
| 250 | _aTercera edición año 2018 | ||
| 260 |
_aMadrid : _bEdición Personal, _c2018. |
||
| 300 |
_a129 p. : _bil. ; _c21 cm. |
||
| 336 |
_2rdacontent _atexto |
||
| 337 |
_2rdamedia _asin mediación |
||
| 338 |
_2rdacarrier _avolumen |
||
| 650 | 7 |
_aDiscriminación sexual _2embne _911937 |
|
| 852 |
_aES-MaACL _cDEPOJ _jN-8870 _xEncuadernación rústica _gDedicatoria autógrafa de la autora _9204739 |
||
| 903 |
_9139936 _aQuijano Crespo, Mercedes, _d1959- _ednr |
||
| 942 |
_cMONOGRAFIA _n0 |
||
| 999 |
_c194516 _d194516 |
||